Strzelcy bramek w 1 kolejce Bundesligi w sezonie 2021/22. - Statystyki

Ogólne statystyki
  • Ten quiz został rozwiązany 12 razy
  • Średni wynik to 9 z 27
Statystyki odpowiedzi
Mecz Drużyna % Poprawnych
Monchengladbach - Bayern 1:1 Lewandowski
100%
Dortmund - Frankfurt 3:1 Haaland
67%
Dortmund - Frankfurt 5:1 Haaland
67%
Dortmund - Frankfurt 2:1 Hazard
50%
Monchengladbach - Bayern 1:0 Plea
50%
Dortmund - Frankfurt 4:1 Reyna
50%
Union Berlin - Leverkusen 1:1 Diaby
42%
Dortmund - Frankfurt 1:0 Reus
42%
Stuttgart - Furth 1:0 Endo
33%
Koln - Hertha Berlin 1:1 Modeste
33%
Wolfsburg - Bochum 1:0 Weghorst
33%
Koln - Hertha Berlin 0:1 Jovetic
25%
Koln - Hertha Berlin 2:1 Kainz
25%
Koln - Hertha Berlin 3:1 Kainz
25%
Stuttgart - Furth 3:0 Kempf
25%
Stuttgart - Furth 5:0 Kempf
25%
Augsburg - Hoffenheim 0:4 Rudy
25%
Dortmund - Frankfurt 5:2 Hauge
17%
Stuttgart - Furth 2:0 Klement
17%
Stuttgart - Furth 5:1 Leweling
17%
Mainz - RB Lipsk 1:0 Niakhate
17%
Dortmund - Frankfurt 1:1 (Bramka Samobójcza) Passlack
17%
Augsburg - Hoffenheim 0:3 Rutter
17%
Augsburg - Hoffenheim 0:2 Adamyan
8%
Stuttgart - Furth 4:0 Al Ghaddioui
8%
Union Berlin - Leverkusen 1:0 Awoniyi
8%
Augsburg - Hoffenheim 0:1 Bruun Larsen
8%
Nie znaleziono quizów pasujących do podanych kryteriów
Rozkład punktacji
Procent ludzi z każdym wynikiem
Percentyl według liczby udzielonych odpowiedzi
Twoja historia wyników
Nie rozwiązałeś tego quizu